|
|
|
|
| LEADER |
01298nam a2200373 4500 |
| 001 |
000014675 |
| 003 |
11045 |
| 005 |
20120511090559.0 |
| 008 |
120511s2005 viesd |
| 020 |
|
|
|c 000đ
|
| 041 |
0 |
|
|a vie
|
| 082 |
|
|
|a 895.9221
|b TO-H
|
| 100 |
0 |
|
|a Tố Hữu
|
| 245 |
|
0 |
|a Tác phẩm văn học được giải thưởng Hồ Chí Minh
|c Tố Hữu ; Nguyễn Cừ chỉ đạo & tổ chức bản thảo ; tuyển soạn Tuấn Thành
|
| 260 |
|
|
|a H.
|b Văn học
|c 2005
|
| 300 |
|
|
|a 1163 tr.
|c 21 cm
|
| 653 |
|
|
|a Văn học hiện đại
|
| 653 |
|
|
|a Việt Nam
|
| 653 |
|
|
|a Thơ
|
| 653 |
|
|
|a Phê bình
|
| 653 |
|
|
|a Tiểu luận
|
| 700 |
|
|
|a Nguyễn Cừ
|e chỉ đạo & tổ chức bản thảo
|
| 700 |
|
|
|a Tuấn Thành...
|e tuyển soạn
|
| 910 |
|
|
|a Nguyễn Thị Kim Oanh
|d 26/08/2011
|
| OWN |
|
|
|a LSP
|
| AVA |
|
|
|a UDN50
|b LSP
|d 895.9221 TO-H
|e available
|t Error 5001 Not defined in file expand_doc_bib_avail.
|f 2
|g 0
|h N
|i 0
|k 1
|
| 999 |
|
|
|a From the UDN01
|
| AVA |
|
|
|a UDN50
|b LSP
|d 895.9221 TO-H
|e available
|t Error 5001 Not defined in file expand_doc_bib_avail.
|f 2
|g 0
|h N
|i 0
|k 1
|
| TYP |
|
|
|a Monograph
|
| TYP |
|
|
|a Printed language
|
| 980 |
|
|
|a Mạng thư viện Đại học Đà Nẵng
|